Propuesta de ordenamiento y desarrollo urbano de Ciudad Darío, Municipio de Ciudad Darío, para el año 2020- 2035

Presenta una propuesta de ordenamiento y desarrollo urbano para Ciudad Darío, el cual a través de la elaboración de información geográfica, demográfica y física-ambiental se pueda elaborar la cartografía básica.

Bibliographic Details
Main Authors: Delgado Pérez, Claudia Fernanda, Treminio Treminio, Joel Enrique
Other Authors: Tutor: González Jirón, Jorge Samuel
Format: Tesis Section = Libro
Language:Undetermined
Spanish
Published: Managua UNI 2021
Subjects:
LEADER 01101nam a2200277Ia 4500
008 240830s9999 xx 000 0 und d
040 |a BIBLIOTECA-RUSB/ Mon 711.4 D352 
041 |a spa 
082 |a Mon 711.4 D352 
100 1 |a Delgado Pérez, Claudia Fernanda 
100 1 |b Treminio Treminio, Joel Enrique 
245 1 0 |a Propuesta de ordenamiento y desarrollo urbano de Ciudad Darío, Municipio de Ciudad Darío, para el año 2020- 2035 
260 |a Managua  |b UNI  |c 2021 
300 |a 96 p.:il. 
500 |a Incluye anexos y CD. 
502 |a Tesis (Arquitecto) - UNI, 2021. 
520 3 |a Presenta una propuesta de ordenamiento y desarrollo urbano para Ciudad Darío, el cual a través de la elaboración de información geográfica, demográfica y física-ambiental se pueda elaborar la cartografía básica. 
650 7 |a DESARROLLO URBANO 
650 7 |b  ORDENAMIENTO URBANO 
650 7 |c  GESTION URBANA 
650 7 |d  VIVIENDAS 
650 7 |e  PATRIMONIO ARQUITECTONICO 
700 1 |a Tutor:  |b González Jirón, Jorge Samuel 
942 |c BK  |2 ddc 
991 |a TESIS 
999 |c 22252